000 01370nam a2200373 i 4500
001 194570
003 SpMaBN
005 20250804062700.0
007 ta
008 240507s1949 sp j spa
016 7 _abimoBNE19970280583
_zIND91023183
_2SpMaBN
035 _a(OCoLC)733438861
035 _abimo0000551242
040 _aSpMaBN
_bspa
_cA2
_dSpMaBN
_eES-MaACL
080 _a821.111-32"19"
100 1 _aAllan, Luke
_0XX1192751
_9236220
245 1 0 _aTras la alambrada :
_bnovela completa /
_cLuke Allan.
260 _aMadrid :
_b[Dédalo],
_c1949.
300 _a28 p.
_c32 cm
336 _2rdacontent
_atexto
337 _2rdamedia
_asin mediación
338 _2rdacarrier
_avolumen
490 1 _aRevista literaria "Novelas y cuentos" ;
_vaño 21, n. 929
500 _aTraducción de: Behind the wire fence
655 0 _aNovelas
_9234319
773 _aObras encuadernadas juntas
_gG-15980
_0194566
_9202192
830 0 _aRevista literaria "Novelas y cuentos"
_vaño 21, n. 929
_9236217
852 _aES-MaACL
_cDEPO2
_jG-15980(4)
_hLegado: Juan Antonio Porto
_xEncuadernado con otras obras formando un volumen facticio
_9202196
903 _993285
_aPorto, Juan Antonio,
_d1937-2021
_ednr
_q1
942 _2udc
_cFOLLETOS
_n0
999 _c194570
_d194570